Online Catalogue and eLibrary

Amma (Record no. 4386)

MARC details
000 -LEADER
fixed length control field 00371nam a2200145Ia 4500
005 - DATE AND TIME OF LATEST TRANSACTION
control field 20250509071440.0
008 - FIXED-LENGTH DATA ELEMENTS--GENERAL INFORMATION
fixed length control field 240331s9999 xx 000 0 und d
082 ## - DDC Classification
Item Number - Author Mark AMM
Class No. 894
245 #0 - TITLE STATEMENT
Title Amma
260 ## - PUBLICATION, DISTRIBUTION, ETC.
Place of publication, distribution, etc. Chennai
Name of publisher, distributor, etc. Kalaignaan Pathippagam
Date of publication, distribution, etc. 2004
300 ## - PHYSICAL DESCRIPTION
Extent (e.g. Volumes, Pages etc.) 208 p .,
500 ## - GENERAL NOTE
General note 25 Short Stories of Sri Lankan Women Writers
700 ## - ADDED ENTRY--PERSONAL NAME
Personal name Jeeva, A.
Relator term (Role) Editor
942 ## - Koha item type (Biblio)
Koha item type Books in Stacks (Lending)
Holdings
Lost status Damaged status Collection code Home library Current library Shelving location Date acquired Full call number Accession Number Item type
    Lending WERC Library WERC Library Social Science Cupboard 03/31/2024 894.811 AMM 1935 Books in Stacks (Lending)

© WERC Library